Junior G Men´s Mystery Stories (Record no. 9396)

MARC details
000 -CABECERA
campo de control de longitud fija 00968nam a2200289 a 4500
001 - NÚMERO DE CONTROL
campo de control BRL_584
005 - FECHA Y HORA DE LA ÚLTIMA TRANSACCIÓN
campo de control 20190320210818.0
008 - DATOS DE LONGITUD FIJA--INFORMACIÓN GENERAL
campo de control de longitud fija 040913s1936----u--#######---#000-0#eng-#
041 ## - CÓDIGO DE LENGUA
Código de lengua del texto/banda sonora o título independiente eng
044 ## - CÓDIGO DEL PAÍS DE LA ENTIDAD EDITORA/PRODUCTORA
Código MARC del país u
050 #4 - SIGNATURA TOPOGRÁFICA DE LA BIBLIOTECA DEL CONGRESO
Número de clasificación PZ1
Número de documento/Ítem .J86 1936
245 10 - MENCIÓN DE TÍTULO
Título Junior G Men´s Mystery Stories
Resto del título Containing the following three complete books.
260 ## - PUBLICACIÓN, DISTRIBUCIÓN, ETC.
Lugar de publicación, distribución, etc. Chicago
Nombre del editor, distribuidor, etc. The Goldsmith Publishing Co.
Fecha de publicación, distribución, etc. 1936
300 ## - DESCRIPCIÓN FÍSICA
Extensión 250 p.
Dimensiones 20 cm.
500 ## - NOTA GENERAL
Nota general Presenta deterioro en la pasta del libro
500 ## - NOTA GENERAL
Nota general Au644
505 0# - NOTA DE CONTENIDO CON FORMATO
Nota de contenido con formato Whispering Rails / by Gilbert Lathrop; The ´G´ Man´s Son / by Edward O´Connor; Dan Hyland Police Reporter / by Norton Hughes Jonathan
650 14 - PUNTO DE ACCESO ADICIONAL DE MATERIA--TÉRMINO DE MATERIA
Término de materia o nombre geográfico como elemento de entrada Novela policiaca
9 (RLIN) 23905
700 1# - PUNTO DE ACCESO ADICIONAL--NOMBRE DE PERSONA
Nombre de persona Lathrop, Gilbert
9 (RLIN) 24355
700 1# - PUNTO DE ACCESO ADICIONAL--NOMBRE DE PERSONA
Nombre de persona O´Connor, Edward
9 (RLIN) 24356
700 1# - PUNTO DE ACCESO ADICIONAL--NOMBRE DE PERSONA
Nombre de persona Hughes Jonathan, Norton
9 (RLIN) 24357
740 0# - PUNTO DE ACCESO ADICIONAL--TÍTULO RELACIONADO O ANALÍTICO NO CONTROLADO
Título relacionado o analítico no controlado Whispering Rails
740 0# - PUNTO DE ACCESO ADICIONAL--TÍTULO RELACIONADO O ANALÍTICO NO CONTROLADO
Título relacionado o analítico no controlado The ´G´ Man´s Son
740 0# - PUNTO DE ACCESO ADICIONAL--TÍTULO RELACIONADO O ANALÍTICO NO CONTROLADO
Título relacionado o analítico no controlado Dan Hyland Police Reporter
902 ## - CATALOGADOR
Iniciales GRL
942 ## - ELEMENTOS DE PUNTO DE ACCESO ADICIONAL (KOHA)
Fuente del sistema de clasificación o colocación Library of Congress Classification
Tipo de ítem Koha Libros
Holdings
Estado de retiro Estado de pérdida Estado dañado No para préstamo Localización permanente Ubicación/localización actual Fecha de adquisición Número de inventario Total de préstamos Signatura topográfica completa Código de barras Fecha visto por última vez Precio válido a partir de Tipo de ítem Koha
El ejemplar forma parte de la colección y puede ser consultado según las políticas vigentes.       Biblioteca Centro de Estudios Ruth D. Lechuga Biblioteca Centro de Estudios Ruth D. Lechuga 04/09/2013 Au644   PZ1 .J86 1936 (Au644) GRL00641 22/03/2019 22/03/2019 Libros